000 00870nam a2200301 a 4500
001 0000580
003 DO-SdBNP
005 20171204101542.0
007 0000580
008 140711s 2007 xxk 000 0 spa d
020 _a9781861978943
040 _aBPMSU
_bspa
_cBPMSU
082 4 _a658.401
_bS995s
100 1 _aSyrett, Michel
245 1 0 _aSuccessful strategy execution
_bhow to keep your business goals on target /
_cMichel Syrett
260 _aLondon :
_bThe economist,
_c2007.
300 _a164 p. ;
_c23 cm.
490 1 _aThe economist
500 _aIncluye índice
504 _aBibliografía p: 154-156
650 4 _aPLANIFICACION EMPRESARIAL
650 4 _aADMINISTRACIÓN DE PROYECTOS
650 4 _aLITERATURA GRIEGA
830 _aThe economist
942 _2ddc
_cBK
945 _aInventariado, 2017/MFF
956 _aYLOCKWARD
_b10
_lBND01
_h1027
999 _c11063
_d11063